Fundamental Accounting Principles (Record no. 5546)

MARC details
005 - DATE AND TIME OF LATEST TRANSACTION
control field 20250627081649.0
020 ## - INTERNATIONAL STANDARD BOOK NUMBER
International Standard Book Number 9780075604778
082 ## - DEWEY DECIMAL CLASSIFICATION NUMBER
Classification number 657 FUND
245 ## - TITLE STATEMENT
Title Fundamental Accounting Principles
250 ## - EDITION STATEMENT
Edition statement 9th Ed.
260 ## - PUBLICATION, DISTRIBUTION, ETC.
Place of publication, distribution, etc. New York
Name of publisher, distributor, etc. Mc Graw Hill,
Date of publication, distribution, etc. 1983
300 ## - PHYSICAL DESCRIPTION
Extent xxviii,555p.:ill., pictures,tables
Other physical details index
Dimensions 27cm.
700 ## - ADDED ENTRY--PERSONAL NAME
Other authors/Editors LARSON, K.D et al..
942 ## - ADDED ENTRY ELEMENTS (KOHA)
Source of classification or shelving scheme Dewey Decimal Classification
Koha item type Books
Holdings
Date last seen Total checkouts Full call number Barcode Cost, replacement price Price effective from Koha item type Lost status Source of classification or shelving scheme Damaged status Not for loan Withdrawn status Home library Current library Shelving location Date acquired Source of acquisition Cost, normal purchase price
06/27/2025   657 FUN DOM000372 225000.00 06/27/2025 Books   Dewey Decimal Classification       CBE Dodoma CBE Dodoma General Collection 10/07/2001 Library budget 75000.00
06/27/2025   657 FUN DOM000429 225000.00 06/27/2025 Books   Dewey Decimal Classification       CBE Dodoma CBE Dodoma General Collection 10/07/2001 Library budget 75000.00
06/27/2025   657 FUN DOM000433 225000.00 06/27/2025 Books   Dewey Decimal Classification       CBE Dodoma CBE Dodoma General Collection 10/07/2001 Library budget 75000.00
06/27/2025   657 FUN DOM000254 225000.00 06/27/2025 Books   Dewey Decimal Classification       CBE Dodoma CBE Dodoma General Collection 10/07/2001   75000.00
06/27/2025   657 FUN DOM000318 225000.00 06/27/2025 Books   Dewey Decimal Classification       CBE Dodoma CBE Dodoma General Collection 10/07/2001   75000.00
06/27/2025   657 FUN DOM000338 225000.00 06/27/2025 Books   Dewey Decimal Classification       CBE Dodoma CBE Dodoma General Collection 10/07/2001   75000.00